[Event "COL-ch Visually disabled"]
[Site "Cartagena"]
[Date "2019.12.03"]
[Round "2.3"]
[White "Villegas, Jeisson Steven"]
[Black "Torres, Carlos Andres"]
[Result "1-0"]
[WhiteElo "1743"]
[BlackElo "1999"]
[PlyCount "73"]
[EventDate "2019.12.03"]
[EventType "swiss"]
[EventRounds "7"]
[EventCountry "COL"]
[SourceTitle "EXT 2024"]
[Source "ChessBase"]
[SourceDate "2023.10.10"]
[SourceVersion "1"]
[SourceVersionDate "2023.10.10"]
[SourceQuality "1"]

1. Nf3 c5 2. g3 Nc6 3. Bg2 g6 4. 0-0 Bg7 5. c4 e5 6. Nc3 Nge7 7. d3 0-0 8. a3 d6 9. Rb1 a5 10. Nd2 Be6 11. Nde4 h6 12. Nb5 Nf5 13. Bh3 Nxg3 14. fxg3 Bxh3 15. Rf2 d5 16. cxd5 Nd4 17. Nbc3 b6 18. e3 f5 19. Nd2 f4 20. exd4 fxg3 21. Rxf8+ Bxf8 22. hxg3 Qg5 23. Nde4 Qf5 24. dxe5 Qxe5 25. Bf4 Qd4+ 26. Kh2 Bf5 27. Qf3 Bg7 28. Qe3 g5 29. Bxg5 hxg5 30. Qxg5 Rf8 31. Rf1 Qe5 32. Rf2 Kh7 33. Qh5+ Bh6 34. Ng5+ Kg8 35. Qxh6 Rf6 36. Qh4 Qd6 37. Nge4 1-0

[Event "Tunja Boyaca op-B"]
[Site "Tunja"]
[Date "2019.08.03"]
[Round "6"]
[White "Mena Cordoba, Yamil Octavio"]
[Black "Torres, Carlos Andres"]
[Result "1-0"]
[WhiteElo "1933"]
[BlackElo "1992"]
[PlyCount "99"]
[EventDate "2019.07.31"]
[EventType "swiss"]
[EventRounds "9"]
[EventCountry "COL"]
[SourceTitle "EXT 2020"]
[Source "ChessBase"]
[SourceDate "2019.10.17"]
[SourceVersion "1"]
[SourceVersionDate "2019.10.17"]
[SourceQuality "1"]

1. e4 c5 2. Nf3 Nc6 3. Nc3 d6 4. a3 Nf6 5. Bc4 g6 6. h3 Bg7 7. d3 0-0 8. Ba2 Rb8 9. 0-0 b5 10. Ne2 a5 11. Ng5 h6 12. Nf3 b4 13. a4 Kh7 14. Nd2 Nd7 15. f4 Nd4 16. f5 Bb7 17. Nf4 g5 18. Nh5 Be5 19. Nc4 Bh8 20. c3 b3 21. Bb1 Nc2 22. Bxc2 bxc2 23. Qxc2 Nf6 24. Qe2 d5 25. Nd2 Rg8 26. Ng3 g4 27. h4 Qc7 28. e5 d4 29. Nc4 Nd5 30. Nh5 dxc3 31. bxc3 Qc6 32. Qd2 Bg7 33. Nxa5 Qa6 34. Nxb7 Rxb7 35. Nxg7 Rxg7 36. c4 Nb4 37. e6 Qd6 38. Qxh6+ Kg8 39. f6 exf6 40. Bb2 fxe6 41. Bxf6 Nc2 42. Rab1 Nb4 43. a5 Rh7 44. Qg6+ Rhg7 45. Qe8+ Kh7 46. a6 Rbf7 47. Bxg7 Rxg7 48. Rf8 Qd4+ 49. Kh1 Rg6 50. Rbf1 1-0

[Event "Tunja Boyacense op"]
[Site "Tunja"]
[Date "2018.12.14"]
[Round "3"]
[White "Otalora Pacheco, Carlos Eduardo"]
[Black "Torres, Carlos Andres"]
[Result "1-0"]
[WhiteElo "2186"]
[BlackElo "2017"]
[PlyCount "81"]
[EventDate "2018.12.13"]
[EventType "swiss"]
[EventRounds "7"]
[EventCountry "COL"]
[SourceTitle "CBM 187 Extra"]
[Source "ChessBase"]
[SourceDate "2018.11.04"]
[SourceVersion "1"]
[SourceVersionDate "2018.11.04"]
[SourceQuality "1"]

1. d4 Nf6 2. c4 g6 3. Nc3 d5 4. Nf3 Bg7 5. Qb3 dxc4 6. Qxc4 0-0 7. Bf4 Na6 8. e4 c5 9. d5 Nd7 10. Be2 Nb6 11. Qb3 Bd7 12. 0-0 Rc8 13. Rad1 Qe8 14. Rd2 e5 15. Bg3 h6 16. Ne1 Kh7 17. f3 Qe7 18. Bf2 Qg5 19. Rd1 c4 20. Qc2 Nc5 21. Qb1 f5 22. Nc2 f4 23. Kh1 Qh5 24. Rd2 Bf6 25. Na3 Rg8 26. Nxc4 Nxc4 27. Bxc4 g5 28. Bb5 Bxb5 29. Nxb5 g4 30. Bg1 Bh4 31. Nd6 Rc7 32. Nf5 b6 33. d6 Rd7 34. fxg4 Qxg4 35. Bxc5 bxc5 36. Qd1 Qxd1 37. Rfxd1 Bf6 38. Rc2 Rb8 39. b3 Kg6 40. Rxc5 Rb4 41. Rc4 1-0

[Event "Duitama Primer de la Manta Real"]
[Site "Duitama"]
[Date "2012.01.06"]
[Round "9.1"]
[White "Rojas Castillo, Andrea Lizeth"]
[Black "Torres, Carlos Andres"]
[Result "0-1"]
[WhiteElo "1758"]
[BlackElo "2039"]
[PlyCount "56"]
[EventDate "2012.01.02"]
[EventType "tourn"]
[EventRounds "9"]
[EventCountry "COL"]
[SourceTitle "EXT 2024"]
[Source "ChessBase"]
[SourceDate "2023.10.10"]
[SourceVersion "1"]
[SourceVersionDate "2023.10.10"]
[SourceQuality "1"]

1. e4 c5 2. Nf3 d6 3. d4 cxd4 4. Nxd4 Nf6 5. Nc3 a6 6. f3 e5 7. Nb3 Be6 8. Be3 Nbd7 9. Qd2 Be7 10. g4 0-0 11. h4 b5 12. h5 b4 13. Nd5 Bxd5 14. exd5 Nb6 15. Bd3 Nfxd5 16. Be4 Nxe3 17. Bxa8 Nbc4 18. Qd3 Qxa8 19. Nd2 Nxd2 20. Kxd2 Bg5 21. Ke2 Rc8 22. Qxd6 Rxc2+ 23. Ke1 Bf4 24. Rh3 Qc8 25. Qxb4 Rc1+ 26. Rxc1 Qxc1+ 27. Ke2 Qd1+ 28. Kf2 Qf1# 0-1

[Event "Duitama Primer de la Manta Real"]
[Site "Duitama"]
[Date "2012.01.05"]
[Round "7.1"]
[White "Nieto, Manuel Valerio Wald"]
[Black "Torres, Carlos Andres"]
[Result "1/2-1/2"]
[WhiteElo "1903"]
[BlackElo "2039"]
[PlyCount "69"]
[EventDate "2012.01.02"]
[EventType "tourn"]
[EventRounds "9"]
[EventCountry "COL"]
[SourceTitle "EXT 2024"]
[Source "ChessBase"]
[SourceDate "2023.10.10"]
[SourceVersion "1"]
[SourceVersionDate "2023.10.10"]
[SourceQuality "1"]

1. e4 e5 2. Nf3 Nc6 3. d4 exd4 4. Bc4 Bc5 5. c3 Nf6 6. cxd4 Bb4+ 7. Bd2 Bxd2+ 8. Nbxd2 Nxe4 9. Nxe4 d5 10. Bd3 dxe4 11. Bxe4 0-0 12. 0-0 Bg4 13. Bxc6 bxc6 14. Rc1 Qf6 15. h3 Bxf3 16. Qxf3 Qxd4 17. Qxc6 Qxb2 18. Qxc7 Qxa2 19. Ra1 Qd2 20. Rxa7 Rxa7 21. Qxa7 h6 22. Qe7 Rc8 23. Re1 g6 24. Qe3 Rc2 25. Qxd2 Rxd2 26. g4 Kg7 27. Re5 g5 28. Rf5 Rd4 29. Kg2 Kg6 30. f3 f6 31. Rb5 h5 32. Rb6 h4 33. Rb5 Rd2+ 34. Kg1 Rd1+ 35. Kg2 1/2-1/2

[Event "Bogota Univ Central op-A 5th"]
[Site "Bogota"]
[Date "2011.10.17"]
[Round "8.1"]
[White "Torres, Carlos Andres"]
[Black "Acosta Cruz, Luis Ivan"]
[Result "1-0"]
[WhiteElo "2027"]
[BlackElo "1854"]
[PlyCount "73"]
[EventDate "2011.10.13"]
[EventType "swiss"]
[EventRounds "9"]
[EventCountry "COL"]
[SourceTitle "EXT 2024"]
[Source "ChessBase"]
[SourceDate "2023.10.10"]
[SourceVersion "1"]
[SourceVersionDate "2023.10.10"]
[SourceQuality "1"]

1. e4 e5 2. Nf3 Nc6 3. Bc4 Bc5 4. b4 Bxb4 5. c3 Ba5 6. d4 exd4 7. 0-0 Nge7 8. Ng5 Ne5 9. Nxf7 Nxf7 10. Bxf7+ Kxf7 11. Qh5+ g6 12. Qxa5 c6 13. Qe5 d6 14. Qxd4 c5 15. Qd3 Nc6 16. Bh6 Ne5 17. Qd5+ Be6 18. Qxb7+ Qe7 19. Qb2 Bc4 20. Rd1 Rhb8 21. Qd2 Rb6 22. Na3 Be6 23. Bg5 Qc7 24. Qf4+ Kg8 25. Nc2 Rf8 26. Qh4 Rb2 27. Rac1 Rf7 28. f4 Nc4 29. f5 gxf5 30. exf5 Rxf5 31. Re1 Qf7 32. Bh6 Rb8 33. Qg4+ Kh8 34. Rxe6 Rg8 35. Qxc4 Rf2 36. Ne3 Qf3 37. Bg7+ 1-0